Normale Ansicht
MARC-Ansicht
Eintrag Personenname
001 - Kontrollnummer
- Kontrollfeld: 51627
003 - Kontrollnummer Identifier
- Kontrollfeld: RU-10907106
005 - Datum und Zeit der letzten Transaktion
- Kontrollfeld: 20231010141535.0
008 - Datenelemente mit fester Länge
- Kontrollfeld mit fester Länge: 231010|| aca||aabn | a|a d
040 ## - Katalogisierungsquelle
- Original-Katalogisierungsstelle: RU-10907106
- Übertragungsstelle: RU-10907106
100 ## - Ansetzung - Personenname
- Personenname: Ostwald, Martin,
- Datumsangaben in Verbindung mit einem Namen: 1922-2010
670 ## - Datenquelle
- Quellenangabe: Work cat.: (RU-10907106)68381: Ostwald, Martin, 1922-2010., From popular sovereignty to the sovereignty of law